Name That Novel Quiz Stats

 Plays Quiz Updated Oct 9, 2018

Score 0/28 Timer 08:00
0 Plays Today
Characters Novel % Correct
Nick Carraway, Daisy Buchanan, George WilsonThe Great Gatsby
74.4%
Elizabeth Bennet, Fitzwilliam Darcy, George WickhamPride and Prejudice
73.5%
Napoleon, Snowball, BoxerAnimal Farm
55.8%
Jim Hawkins, Billy Bones, Long John SilverTreasure Island
54.1%
Jean Valjean, Javert, CosetteLes Misérables
51.2%
Sancho Panza, Rocinante, Dulcinea del TobosoDon Quixote
50.6%
Tyler Durden, Marla Singer, The NarratorFight Club
48.5%
Ponyboy Curtis, Sodapop Curtis, Cherry ValanceThe Outsiders
41.6%
Yossarian, Milo Minderbinder, Doc DaneekaCatch-22
39.3%
Konstantin Dmitrich Levin, Alexei Kirillovich Vronsky, Ekaterina Alexandrovna Shcherbatskaya (Kitty)Anna Karenina
34.9%
Edward Rochester, St. John Rivers, Mr. BrocklehurstJane Eyre
34.1%
Humbert Humbert, Dolores Haze, Clare QuiltyLolita
34%
Edmond Dantès, Abbé Faria, MercédèsThe Count of Monte Cristo
31.5%
Marlow, Kurtz, General ManagerHeart of Darkness
30%
Characters Novel % Correct
Sam Spade, Effie Perine, Brigid O'ShaughnessyThe Maltese Falcon
26.1%
Jonathan Harker, Mina Murray, Lucy WestenraDracula
23.2%
José Arcadio Buendía, Úrsula Iguarán, RebecaOne Hundred Years of Solitude
19.4%
Okonkwo, Nwoye, Mr. BrownThings Fall Apart
17.5%
Jake Barnes, Lady Brett Ashley, Robert CohnThe Sun Also Rises
14.6%
Alex, F. Alexander, Minister of the InteriorA Clockwork Orange
11.3%
Agnes Wickfield, James Steerforth, Clara PeggottyDavid Copperfield
10.2%
Newland Archer, Countess Ellen Olenska, May WellandThe Age of Innocence
9.3%
Jason Compson III, Miss Quentin, DilseyThe Sound and the Fury
8.4%
Septimus Warren Smith, Peter Walsh, Sally SetonMrs. Dalloway
5.9%
Milkman Dead, Pilate Dead, Macon Jr.Song of Solomon
5.9%
Clara, Esteban Trueba, AlbaThe House of the Spirits
5.8%
Dr. Bernard Rieux, Jean Tarrou, Joseph GrandThe Plague
3%
Susanna Bridehead, Arabella Donn, Richard PhillotsonJude the Obscure
2.6%

You're not logged in!

Compare scores with friends on all Sporcle quizzes.
OR
Log In

Sporcle TV

Today on Sporcle TV


Watch our educational content, quiz creation guides, and fun videos on Sporcle TV.

Show Comments

Extras

Top Quizzes Today


Score Distribution

Your Account Isn't Verified!

In order to create a playlist on Sporcle, you need to verify the email address you used during registration. Go to your Sporcle Settings to finish the process.

Report this User

Report this user for behavior that violates our Community Guidelines.

Details: